| 000 | 00704nam a22002055i 4500 | ||
|---|---|---|---|
| 001 | 68371 | ||
| 003 | ES-MaACL | ||
| 005 | 20250929063129.0 | ||
| 007 | t| | ||
| 008 | 971022s1881 sp d ||||1| spa d | ||
| 040 |
_aCYL _bspa _cCYL |
||
| 100 | 1 |
_aGarcía de Galdeano, Zoel, _d1846-1924 _954429 |
|
| 245 | 1 | 0 |
_aComplemento de la geometría elemental ó Crítica geométrica / _cpor Zoel G. de Galdeano. |
| 260 |
_aMadrid : _b[s.n.], _c1881 ( _fEstablecimiento Tipográfico de Gregorio Juste) |
||
| 300 |
_a92 p. : _bil. ; _c17 cm. |
||
| 505 | 8 | _aContiene: Parte primera. Crítica didáctica | |
| 650 | 0 | 7 |
_aGeometría _2embne _913096 |
| 852 |
_aES-MaACL _jT-880-F-8 |
||
| 999 |
_c68371 _d68371 |
||